000
00336 a2200157 4500
001
149027
040
_c
Escola São Tomás de Aquino
100
_a
MACHADO, Angelo
240
1
0
_a
Garganta
_l
por
245
1
0
_a
Garganta
300
_a
30
362
0
_a
2011
440
1
_a
Nova Fronteira
697
_a
*LITERATURA INFANTO
942
_c
BK
999
_c
149027
_d
149027